|
|
|
|
| LEADER |
00000nab a2200000 a 4500 |
| 001 |
vtls000388090 |
| 003 |
SK-MaSNL |
| 005 |
20260303235859.0 |
| 008 |
111202c1989 xo 0 slo |
| 015 |
|
|
|a SNBRA19rr/mm-uuuuu
|
| 035 |
|
|
|a CL0388214
|
| 040 |
|
|
|a SNKBUCL
|b slo
|c SNKBUCL
|e AACR2
|
| 041 |
0 |
|
|a slo
|
| 044 |
|
|
|a xo
|c SK
|
| 080 |
|
|
|a 631.16:620.9:631.67
|2 1981
|
| 080 |
|
|
|a 620.9
|2 1981
|
| 080 |
|
|
|a 631.67
|2 1981
|
| 100 |
1 |
|
|a Čislák, Vincent,
|d 1930-2002
|4 aut
|9 165055
|
| 245 |
1 |
0 |
|a Energetická efektívnosť poľnohospodárskej výroby v závlahách
|c Vincent Čislák
|
| 300 |
|
|
|b Tb. 1. Graf 1.
|
| 650 |
0 |
7 |
|a poľnohospodárstvo
|2 snkbucl
|9 679
|
| 650 |
0 |
7 |
|a rastlinná výroba
|2 snkbucl
|9 2835
|
| 650 |
0 |
7 |
|a závlahy
|2 snkbucl
|9 13225
|
| 650 |
0 |
7 |
|a energia
|2 snkbucl
|9 15416
|
| 655 |
|
7 |
|a články zo zborníkov
|2 snkbucl
|9 166140
|
| 773 |
0 |
|
|t Zvyšovanie intenzity a efektívnosti sústavy hospodárenia v závlahách
|d Banská Bystrica : Dom techniky ČSVTS, 1989
|g S. 22-28
|
| 850 |
|
|
|a Slovenská národná knižnica v Martine
|a MTA001
|
| 852 |
|
|
|a SNK
|b KIS3GCP
|
| 958 |
|
|
|a RK
|
| 992 |
|
|
|a RZB
|
| 999 |
|
|
|c 2528331
|d 2530261
|